[Event "Open game"]
[Site "http://www.queenalice.com/game.php?id=1305975"]
[Date "2014.9.4"]
[Round "-"]
[White "AGVrpchessplayer"]
[Black "Sacapiece"]
[Result "1/2-1/2"]
[WhiteElo "2074"]
[BlackElo "2118"]

1. Nf3 d5 2. c4 c6 3. g3 Nf6 4. Bg2 Bf5 5. O-O e6 6. d3 h6 7. cxd5 exd5 8. e4
dxe4 9. Nh4 Bg4 10. Qb3 Qc8 11. Re1 Be7 12. dxe4 Be6 13. Qd3 O-O 14. Nf5 Bxf5
15. exf5 Bc5 16. Nc3 Rd8 17. Qc2 Na6 18. Na4 Bf8 19. Bd2 Nb4 20. Bxb4 Bxb4 21.
Re2 Qc7 22. a3 Bf8 23. Rae1 Rac8 24. Nc5 Qb6 25. Ne4 Nxe4 26. Rxe4 Rd6 27. Rb4
Qc7 28. Qb3 b6 29. Rc1 Qd7 30. Rbc4 Qxf5 31. Be4 Qf6 32. Bb1 Rd5 33. Qc2 g6 34.
Rf4 Rf5 35. Rxf5 Qxf5 36. Qxf5 gxf5 37. Bxf5 Rd8 38. Rxc6 Kg7 39. Rc7 Rd2 40.
Rc2 Rxc2 41. Bxc2 a5 42. Bd3 Bc5 43. a4 Bd4 44. b3 f6 45. Kg2 Bc5 46. f4 Bd4 47.
g4 Bc5 48. Kf3 Bb4 49. Ke3 Bc5+ 50. Ke4 Bg1 51. h4 Bf2 52. h5 Bc5 53. Bc4 Bg1
54. Kd5 Be3 55. f5 Bg1 1/2-1/2

[Event "Game"]
[Site "http://www.queenalice.com/game.php?id=1309506"]
[Date "2014.9.20"]
[Round "-"]
[White "Sacapiece"]
[Black "AGVrpchessplayer"]
[Result "1-0"]
[WhiteElo "2121"]
[BlackElo "2083"]

1. e4 e5 2. Nf3 Qe7 3. Nc3 c6 4. Bc4 h6 5. O-O Nf6 6. d4 d6 7. Bb3 g6 8. dxe5
dxe5 9. h3 Nbd7 10. Be3 b6 11. Qd2 Bb7 12. a4 a6 13. Rfd1 Rd8 14. a5 b5 15. Bb6
Rc8 16. Qe3 c5 17. Bd5 Bxd5 18. Nxd5 Nxd5 19. Rxd5 Bg7 20. Rad1 Nxb6 21. axb6
Qb7 22. Nxe5 O-O 23. Nd7 Rfe8 24. e5 Re7 25. Qf4 Rc6 26. Nf6+ Bxf6 27. exf6 Re8
28. Rd8 Rxd8 29. Rxd8+ Kh7 30. Rh8+ 1-0

[Event "AUTO-OPEN-3317"]
[Site "http://www.queenalice.com/game.php?id=1333630"]
[Date "2015.1.8"]
[Round "2"]
[White "AGVrpchessplayer"]
[Black "barrai"]
[Result "1-0"]
[WhiteElo "2051"]
[BlackElo "2079"]

1. d4 d5 2. c4 Nf6 3. Nc3 c6 4. Nf3 a6 5. g3 g6 6. Bg2 Bg7 7. O-O O-O 8. a4 Bg4
9. Ne5 Be6 10. c5 Nfd7 11. f4 f6 12. Nd3 Bf7 13. e4 e5 14. fxe5 fxe5 15. exd5
exd4 16. Ne4 Bxd5 17. Nd6 Nxc5 18. Bf4 Bxg2 19. Kxg2 Nbd7 20. Nxc5 Nxc5 21. b4
Rxf4 22. bxc5 Rxf1 23. Qb3+ Rf7 24. Rf1 Qa5 25. Rxf7 Kh8 26. Qxb7 Qd2+ 27. Rf2
Qxf2+ 28. Kxf2 Rf8+ 29. Ke2 h5 30. Qxc6 Kh7 31. Ne8 1-0

[Event "AUTO-OPEN-3317"]
[Site "http://www.queenalice.com/game.php?id=1333631"]
[Date "2015.1.8"]
[Round "2"]
[White "barrai"]
[Black "AGVrpchessplayer"]
[Result "0-1"]
[WhiteElo "2137"]
[BlackElo "2031"]

1. e4 g6 2. d4 Bg7 3. f4 Nf6 4. Bd3 d6 5. h3 Nbd7 6. Nf3 c5 7. c3 cxd4 8. O-O
dxc3 9. Nxc3 O-O 10. Kh2 e5 11. f5 Nc5 12. Bc2 d5 13. Bg5 dxe4 14. Qxd8 Rxd8 15.
fxg6 exf3 16. gxf7+ Kxf7 17. Rxf3 Rd6 18. Bxh7 Be6 19. Raf1 Bc4 20. R1f2 Nd7 21.
Ne4 Ra6 22. b3 Bd5 23. Bxf6 Nxf6 24. g4 Ke7 25. Nc5 Bxf3 26. Bd3 Rc6 27. b4 Bxg4
28. Kg3 Bd1 29. Rd2 Nh5+ 30. Kh2 Bf3 31. Nxb7 Rc1 32. Rg2 Rg8 33. Bh7 e4 0-1

[Event "AUTO-OPEN-3317"]
[Site "http://www.queenalice.com/game.php?id=1373757"]
[Date "2015.7.27"]
[Round "3"]
[White "AGVrpchessplayer"]
[Black "jartuga99"]
[Result "1-0"]
[WhiteElo "2068"]
[BlackElo "2143"]

1. Nf3 c5 2. c4 Nf6 3. Nc3 d6 4. g3 g6 5. Bg2 Bg7 6. O-O O-O 7. d4 Bg4 8. dxc5
dxc5 9. Ne5 Qc8 10. Bg5 Bh3 11. Nd5 Bxg2 12. Nxe7+ Kh8 13. Nxc8 Bxf1 14. Nd6 Bh3
15. g4 Nxg4 16. Nexf7+ Kg8 17. Qd5 Nf6 18. Nh6+ Kh8 19. Ndf7+ Rxf7 20. Nxf7+ Kg8
21. Nh6+ Kh8 22. Qd8+ 1-0

[Event "AUTO-OPEN-3317"]
[Site "http://www.queenalice.com/game.php?id=1373759"]
[Date "2015.7.27"]
[Round "3"]
[White "AGVrpchessplayer"]
[Black "barrai"]
[Result "0-1"]
[WhiteElo "2165"]
[BlackElo "1976"]

1. d4 d5 2. c4 Nf6 3. Nc3 c6 4. Nf3 g6 5. g3 Bg7 6. Bg2 O-O 7. O-O Bg4 8. Ne5
dxc4 9. Nxg4 Nbd7 10. Ne3 Nb6 11. a4 a5 12. d5 Nbxd5 13. Nexd5 cxd5 14. Nxd5
Nxd5 15. Qxd5 Qxd5 16. Bxd5 Rac8 17. Bxb7 Rb8 18. Bd5 Bxb2 19. Bxb2 Rxb2 20.
Bxc4 h5 21. Rab1 Rfb8 22. Bd3 Kg7 23. Kg2 R8b4 24. Rxb2 Rxb2 25. Rb1 Ra2 26. Rb7
Rxa4 27. Rxe7 Rb4 28. Ra7 Ra4 29. Bc2 Ra2 30. Bb3 Rxe2 31. Bxf7 Kh6 32. Ra6 Kg7
33. Bxg6 a4 34. Bxh5 Re5 0-1

[Event "AUTO-OPEN-3317"]
[Site "http://www.queenalice.com/game.php?id=1373760"]
[Date "2015.7.27"]
[Round "3"]
[White "barrai"]
[Black "AGVrpchessplayer"]
[Result "1-0"]
[WhiteElo "2000"]
[BlackElo "2147"]

1. e4 e6 2. d4 d5 3. Bd3 Ne7 4. f3 Ng6 5. Be3 c5 6. g3 Qb6 7. b3 cxd4 8. Bxd4
Bc5 9. Bxc5 Qxc5 10. exd5 O-O 11. Ne2 Ne5 12. Nd2 Qe3 13. Be4 f5 14. f4 Ng4 15.
Nc4 Qf2+ 16. Kd2 fxe4 17. Qe1 exd5 18. Qxf2 Nxf2 19. Rhf1 Ng4 20. Rh1 dxc4 21.
Kc3 b5 22. bxc4 Ba6 23. cxb5 Bxb5 24. Nd4 Rc8+ 25. Kb4 Ba6 26. Kb3 Nc6 27. Nf5
Rab8+ 28. Ka3 Rb5 29. Rab1 Ra5+ 30. Kb2 Rxf5 31. h3 Nf2 32. Rh2 e3 33. Kc1 Nd4
34. g4 1-0

[Event "AUTO-OPEN-3317"]
[Site "http://www.queenalice.com/game.php?id=1373761"]
[Date "2015.7.27"]
[Round "3"]
[White "AGVrpchessplayer"]
[Black "goldenboy"]
[Result "1-0"]
[WhiteElo "2087"]
[BlackElo "1922"]

1. e4 e5 2. Nf3 Nc6 3. Bc4 Bc5 4. b4 Bxb4 5. c3 Ba5 6. d4 exd4 7. O-O dxc3 8.
Qb3 Qe7 9. Nxc3 Bxc3 10. Qxc3 Nf6 11. e5 Ng4 12. Ba3 Qd8 13. e6 Qf6 14. exf7+
Kd8 15. Qxf6+ Nxf6 16. f8=Q+ Rxf8 17. Bxf8 1-0

[Event "AUTO-OPEN-3317"]
[Site "http://www.queenalice.com/game.php?id=1373762"]
[Date "2015.7.27"]
[Round "3"]
[White "goldenboy"]
[Black "AGVrpchessplayer"]
[Result "0-1"]
[WhiteElo "1913"]
[BlackElo "2096"]

1. e4 c5 2. f4 Nf6 3. Nc3 d5 4. Bb5+ Nc6 5. e5 d4 6. Nce2 Qd5 7. Nf3 Nh5 8. d3
f6 9. O-O Be6 10. c4 Qd7 11. a3 Rc8 12. exf6 gxf6 13. Nh4 Bg4 14. Nf3 Rg8 15.
Ng3 Nxg3 16. hxg3 Bh5 17. Qe1 Qg4 18. Kh2 Bg6 19. Qe2 Bxd3 20. Bxc6+ Rxc6 0-1

[Event "AUTO-MASTER-2401"]
[Site "http://www.queenalice.com/game.php?id=1398830"]
[Date "2015.12.14"]
[Round "1"]
[White "Trex"]
[Black "AGVrpchessplayer"]
[Result "1-0"]
[WhiteElo "2354"]
[BlackElo "2149"]

1. Nf3 c5 2. c4 Nc6 3. Nc3 g6 4. g3 Bg7 5. Bg2 Nf6 6. d4 cxd4 7. Nxd4 O-O 8. b3
Nxd4 9. Qxd4 Ne4 10. Qxg7+ Kxg7 11. Bxe4 d6 12. h4 h5 13. Bb2 Kg8 14. Rd1 Qe8
15. Nd5 Rb8 16. Bf6 b5 17. Bxe7 f5 18. Bf3 bxc4 19. Bxd6 Ba6 20. Nc7 Qc8 21.
Bd5+ Kh7 22. Bxf8 cxb3 23. Bd6 Rb6 24. Bf4 bxa2 25. O-O Bxe2 26. Rfe1 g5 27.
hxg5 Bxd1 28. Re7+ Kg6 29. Bf7+ Kh7 30. Bxa2+ Kg6 31. Bf7+ Kh7 32. Be6+ Kg6 33.
Bxc8 Rb1 34. Re1 a5 35. Ne6 a4 36. Nd4 Bc2 37. Nxc2 1-0

[Event "AUTO-MASTER-2401"]
[Site "http://www.queenalice.com/game.php?id=1398831"]
[Date "2015.12.14"]
[Round "1"]
[White "AGVrpchessplayer"]
[Black "Trex"]
[Result "1-0"]
[WhiteElo "2143"]
[BlackElo "2428"]

1. Nf3 Nf6 2. c4 c5 3. g3 Nc6 4. Bg2 d5 5. cxd5 Nxd5 6. Nc3 g6 7. Qb3 e6 8. d3
Bg7 9. Ne4 b6 10. Bg5 f6 11. Bd2 O-O 12. O-O Bb7 13. a4 a5 14. Nxc5 Bc8 15. Ne4
Bd7 16. Nc3 Ndb4 17. Nb5 Nd5 18. Nfd4 Nce7 19. e4 Nc7 20. Nxc7 Qxc7 21. Nxe6
Bxe6 22. Qxe6+ Kh8 23. Rac1 Qa7 24. e5 Rae8 25. Be3 Nc8 26. Qc6 fxe5 27. Bh3 Ne7
28. Qxb6 Qxb6 29. Bxb6 Nd5 30. Bxa5 Rb8 31. Rc5 Nb4 32. Bc7 Rbc8 33. Bxc8 Rxc8
34. Bd6 Ra8 35. Rb5 Nxd3 36. Rb8+ Rxb8 37. Bxb8 Nxb2 38. a5 Nc4 39. a6 Nb6 40.
Rb1 Na8 41. Bd6 Bf6 42. Rb8+ Kg7 43. Bf8+ Kf7 44. Rxa8 1-0

[Event "AUTO-MASTER-2401"]
[Site "http://www.queenalice.com/game.php?id=1398846"]
[Date "2015.12.14"]
[Round "1"]
[White "pomar"]
[Black "AGVrpchessplayer"]
[Result "0-1"]
[WhiteElo "2142"]
[BlackElo "2118"]

1. f3 f5 2. Kf2 Nf6 3. e3 e5 4. c4 g5 5. Nc3 Nc6 6. d4 Qe7 7. d5 Nd8 8. Bd3 f4
9. exf4 gxf4 10. g3 Rg8 11. g4 Nh5 12. gxh5 Qh4+ 13. Kf1 Bc5 14. Ne4 Bxg1 15.
Rxg1 Qh3+ 16. Ke1 Rxg1+ 0-1

[Event "AUTO-MASTER-2401"]
[Site "http://www.queenalice.com/game.php?id=1398847"]
[Date "2015.12.14"]
[Round "1"]
[White "AGVrpchessplayer"]
[Black "pomar"]
[Result "1-0"]
[WhiteElo "2137"]
[BlackElo "2132"]

1. c4 e6 2. Nf3 d5 3. g3 a6 4. Bg2 dxc4 5. a4 c6 6. Nc3 Bb4 7. Qc2 Bxc3 8. Qxc3
b5 9. Qxg7 Qf6 10. Qxf6 Nxf6 11. Nd4 Nd5 12. axb5 Bb7 13. bxc6 Nxc6 14. Nf5 Kd7
15. Ne3 Ncb4 16. Ra4 Bc6 17. Nxd5 Nxd5 18. Rxc4 Rac8 19. Rd4 Ba4 20. O-O Bb5 21.
Bxd5 exd5 22. d3 Ke6 23. Bh6 Rc2 24. Re1 Rxb2 25. e4 Rc8 26. exd5+ Kd7 27. Rf4
Bxd3 28. Rxf7+ Kd6 29. Bf4+ Kxd5 30. Rd7+ Kc4 31. Rc1+ Rc2 32. Rd1 Bf5 33. R7d4+
Kc3 34. Be5 Re8 35. Re4+ Kb3 36. Rd3+ Ka2 37. Ra4+ 1-0

[Event "AUTO-MASTER-2401"]
[Site "http://www.queenalice.com/game.php?id=1398856"]
[Date "2015.12.14"]
[Round "1"]
[White "Spessatto"]
[Black "AGVrpchessplayer"]
[Result "0-1"]
[WhiteElo "1839"]
[BlackElo "2131"]

1. d4 Nf6 2. h3 c5 3. Nf3 cxd4 4. Nxd4 e5 5. Nf3 Nc6 6. Bg5 Bc5 7. e3 Qb6 8.
Bxf6 Qxb2 9. Nbd2 gxf6 10. Bc4 Rg8 11. O-O d5 12. Bxd5 Bxh3 13. Kh2 Bxg2 14. Rg1
O-O-O 15. Rxg2 Rxg2+ 16. Kxg2 Rxd5 17. a4 Bb4 18. Rb1 Qc3 19. Rb3 Qc5 20. Qc1
Na5 21. Rb1 Bxd2 22. Nxd2 Qc6 23. Kf1 Rc5 24. Rb2 Qh1+ 0-1

[Event "AUTO-MASTER-2401"]
[Site "http://www.queenalice.com/game.php?id=1398857"]
[Date "2015.12.14"]
[Round "1"]
[White "AGVrpchessplayer"]
[Black "Spessatto"]
[Result "1-0"]
[WhiteElo "2134"]
[BlackElo "1835"]

1. d4 d5 2. c4 Bf5 3. Nc3 e6 4. Nf3 h6 5. g3 c6 6. Bg2 a6 7. O-O Nf6 8. Ne5 Nbd7
9. f4 Bd6 10. g4 Bh7 11. g5 hxg5 12. fxg5 Bxe5 13. dxe5 Ne4 14. Nxe4 Nxe5 15.
Qd4 Nxc4 16. Qxg7 Qb6+ 17. Kh1 O-O-O 18. Nc3 Bg6 19. b3 Rh7 20. Qf6 Rdh8 21. Bf4
Ne3 22. Na4 Qa7 23. Qe5 b5 24. Bxe3 Qb7 25. Nc5 Qe7 26. Rac1 Bf5 27. Rxf5 1-0

[Event "Challenge"]
[Site "http://www.queenalice.com/game.php?id=1398862"]
[Date "2015.12.14"]
[Round "-"]
[White "reycas"]
[Black "AGVrpchessplayer"]
[Result "0-1"]
[WhiteElo "2176"]
[BlackElo "2104"]

1. e4 c5 2. Nc3 Nc6 3. g3 g6 4. Bg2 Bg7 5. Nge2 e6 6. O-O Nge7 7. d3 d6 8. Be3
Bd7 9. Qd2 Nd4 10. Nd1 Rb8 11. c3 Nxe2+ 12. Qxe2 b5 13. f4 O-O 14. Nf2 b4 15.
Rfc1 Nc6 16. Qd2 Qa5 17. d4 bxc3 18. bxc3 cxd4 19. cxd4 Qxd2 20. Bxd2 Nxd4 21.
Rc7 Ne2+ 22. Kh1 Bxa1 23. Rxd7 Rb1+ 24. Bf1 Rxf1+ 25. Kg2 Rg1+ 26. Kf3 Nd4+ 27.
Ke3 d5 28. exd5 Re8 29. d6 e5 30. Re7 Nf5+ 31. Kd3 Nxe7 32. dxe7 Rxe7 33. Ne4 f5
34. Ng5 Rd7+ 35. Kc2 Rg2 36. Nf3 e4 0-1

[Event "Challenge"]
[Site "http://www.queenalice.com/game.php?id=1415358"]
[Date "2016.3.28"]
[Round "-"]
[White "AGVrpchessplayer"]
[Black "Albator007"]
[Result "0-1"]
[WhiteElo "2164"]
[BlackElo "1822"]

1. e4 e5 2. Nf3 Nf6 3. Bc4 Nxe4 4. d3 Nc5 5. Bxf7+ Kxf7 6. Nxe5+ Kg8 7. d4 Ne4
8. Qh5 Qe7 9. Nc3 Nxc3 10. bxc3 d6 11. Ba3 Qe6 12. O-O dxe5 13. Bxf8 Kxf8 14.
Rae1 Nd7 15. Re4 Nf6 16. Qf3 Qf5 17. Rxe5 Qxf3 18. gxf3 Kf7 19. Rc5 c6 20. Kg2
Nd5 21. Rb1 Rd8 22. Kg3 Rd6 23. Rb3 Rg6+ 24. Kh4 Rg2 25. c4 g5+ 26. Kh5 Rxh2+
0-1

[Event "AUTO-MASTER-2401"]
[Site "http://www.queenalice.com/game.php?id=1425330"]
[Date "2016.5.29"]
[Round "2"]
[White "AGVrpchessplayer"]
[Black "Trex"]
[Result "1-0"]
[WhiteElo "2146"]
[BlackElo "2373"]

1. e4 e5 2. Nf3 Nc6 3. Bc4 Nf6 4. d3 Be7 5. Nbd2 d6 6. a4 Bg4 7. h3 Bh5 8. g4
Bg6 9. Nh4 Nd7 10. Nxg6 hxg6 11. c3 Nf8 12. Qb3 Bg5 13. Qxb7 Na5 14. Bb5+ Ke7
15. Qd5 Ne6 16. Nc4 Nxc4 17. Bxc4 Bxc1 18. Rxc1 Rc8 19. Ba6 c6 20. Qa2 Rb8 21.
b4 Nf4 22. Qc4 Qd7 23. d4 f6 24. d5 cxd5 25. exd5 Rxh3 26. Rxh3 Nxh3 27. Qc6 Nf4
28. Kd2 Rb6 29. Qxd7+ Kxd7 30. Bb5+ Ke7 31. Rh1 Rb8 32. Rh7 1-0

[Event "AUTO-MASTER-2401"]
[Site "http://www.queenalice.com/game.php?id=1425334"]
[Date "2016.5.29"]
[Round "2"]
[White "AGVrpchessplayer"]
[Black "lelinho"]
[Result "1-0"]
[WhiteElo "2134"]
[BlackElo "2141"]

1. Nf3 Nf6 2. c4 g6 3. d4 c5 4. d5 d6 5. g3 Bg7 6. Bg2 O-O 7. O-O Na6 8. Nc3 Nc7
9. Qc2 a6 10. a4 Bd7 11. a5 Ng4 12. Bf4 Rb8 13. e4 Ne5 14. Nxe5 dxe5 15. Be3 Qc8
16. Na4 Bxa4 17. Qxa4 f5 18. Bh3 Ne8 19. f3 Nd6 20. b3 Qc7 21. Qa3 f4 22. Bxc5
fxg3 23. Bxd6 exd6 24. hxg3 Bh6 25. Kg2 Be3 26. b4 Bd4 27. Rac1 b6 28. axb6 Qxb6
29. c5 Qb5 30. Be6+ Kg7 31. cxd6 Qe2+ 32. Kh3 Be3 33. Rce1 1-0

[Event "AUTO-MASTER-2401"]
[Site "http://www.queenalice.com/game.php?id=1425335"]
[Date "2016.5.29"]
[Round "2"]
[White "lelinho"]
[Black "AGVrpchessplayer"]
[Result "0-1"]
[WhiteElo "2177"]
[BlackElo "2120"]

1. d4 Nf6 2. c4 e5 3. dxe5 Ng4 4. Nf3 Nc6 5. Nc3 f6 6. exf6 Qxf6 7. e3 Bb4 8.
Bd2 Nce5 9. Be2 c6 10. a3 Be7 11. h3 Nxf3+ 12. Bxf3 Ne5 13. Be2 O-O 14. Ne4 Qg6
15. Ng3 Bh4 16. Bh5 Nd3+ 17. Kf1 Qxg3 0-1